|
|
|
|
| LEADER |
01495nam a2200265 a 4500 |
| 003 |
GR-PaULI |
| 005 |
20231228103349.0 |
| 008 |
880802s2000 enka b 101 0 eng d |
| 952 |
|
|
|0 0
|1 0
|2 ddc
|4 0
|6 363_690000000000000_ARC
|7 0
|9 231831
|a LISA
|b LISA
|c BSC
|d 2019-05-08
|i 14956
|l 0
|o 363.69 ARC
|p 025000262011
|r 2019-05-08 00:00:00
|t 1
|v 2019.00
|w 2019-05-08
|y BK15
|
| 999 |
|
|
|c 140851
|d 140851
|
| 020 |
|
|
|a 0415214483
|
| 040 |
|
|
|a GR-PaULI
|b gre
|c GR-PaULI
|d GR-AiPI
|e AACR2
|
| 082 |
0 |
4 |
|a 363.69
|2 23
|
| 245 |
1 |
0 |
|a Archaeological heritage management in the modern world /
|c edited by Henry Cleere.
|
| 260 |
|
|
|a London :
|b Routledge,
|c 2000.
|
| 300 |
|
|
|a xxiv, 318 σ. :
|b εικ. ;
|c 25 εκ.
|
| 500 |
|
|
|a Συνέδριο στη " Δημόσια Αρχαιολογία και στη Διαχείριση Πολιτιστικών Πόρων " (1986 :Southampton, England).
|
| 504 |
|
|
|a Περιλαμβάνει βιβλιογραφικές αναφορές και ευρετήριο.
|
| 650 |
|
4 |
|a Αρχαιότητες
|x Συλλογή και συντήρηση
|9 175411
|v Συνέδρια
|
| 650 |
|
0 |
|a Αρχαιολογία
|9 124534
|
| 650 |
|
0 |
|a Πολιτιστική κληρονομιά
|9 47409
|
| 700 |
|
|
|a Cleere, Henry.
|9 175409
|e επιμελητής.
|
| 711 |
2 |
|
|a Συνέδριο στη " Δημόσια Αρχαιολογία και στη Διαχείριση Πολιτιστικών Πόρων "
|d (1989 :
|c Southampton, England).
|9 175410
|
| 942 |
|
|
|2 ddc
|c BK15
|
| 998 |
|
|
|c ΜΙΧΟΣΤΑΥΡΟΥ
|d 2019-05
|